Concrete technology (Record no. 4023)

000 -LEADER
fixed length control field 00455nam a22001817a 4500
001 - CONTROL NUMBER
control field 4023
003 - CONTROL NUMBER IDENTIFIER
control field BD-DhUET
008 - FIXED-LENGTH DATA ELEMENTS--GENERAL INFORMATION
fixed length control field 141111b xxu||||| |||| 00| 0 eng d
040 ## - CATALOGING SOURCE
Transcribing agency 0
Modifying agency BD-DhUET
082 ## - DEWEY DECIMAL CLASSIFICATION NUMBER
Classification number 620.136
Item number SHE/1982
100 ## - MAIN ENTRY--PERSONAL NAME
Personal name Shetty, M. S.
245 ## - TITLE STATEMENT
Title Concrete technology
Remainder of title theory and practice
250 ## - EDITION STATEMENT
Edition statement 1st ed.
260 ## - PUBLICATION, DISTRIBUTION, ETC. (IMPRINT)
Place of publication, distribution, etc. New Delhi
Name of publisher, distributor, etc. S. Chand
Date of publication, distribution, etc. 1982
300 ## - PHYSICAL DESCRIPTION
Extent xiv, 592p.
Other physical details ill.
650 #0 - SUBJECT ADDED ENTRY--TOPICAL TERM
Topical term or geographic name as entry element Concrete - Engineering
942 ## - ADDED ENTRY ELEMENTS (KOHA)
Koha item type General Book
Holdings
Price effective from Koha normalized classification for sorting Copy number Koha issues (times borrowed) Koha date last borrowed Damaged status Koha collection Date acquired Lost status Koha item type Not for loan Koha date last seen Source of classification or shelving scheme Koha full call number Piece designation (barcode) Location (home branch) Shelving location Sublocation or collection (holding branch) Withdrawn status
2014-11-11620_000000000000000_136SHE1982212014-11-11  2014-11-11 General Book 2014-12-23 620.136/SHE/198258310Central Library, BUETCirculation sectionCentral Library, BUET 
2014-11-16620_000000000000000_136SHE1982112014-11-16  2014-11-16 General Book 2017-06-05 620.136/SHE/198256438Central Library, BUETCirculation sectionCentral Library, BUET 
2014-11-18620_136000000000000_SHE_1982312014-11-18  2014-11-18 General Book 2016-09-03 620.136/SHE/198258315Central Library, BUETCirculation sectionCentral Library, BUET 
2014-11-26620_000000000000000_136SHE1982422016-03-05  2014-11-26 General Book 2016-08-21 620.136/SHE/198258312Central Library, BUETCirculation sectionCentral Library, BUET 
2015-02-05620_136000000000000_SHE_19825   Non Fiction2015-02-05 General Book 2015-02-05 620.136/SHE/198258311Central Library, BUETCirculation sectionCentral Library, BUET 
2015-06-14620_136000000000000_SHE_19826    2015-06-14 Reading Item 2015-06-14 620.136/SHE/198258308Central Library, BUETReading sectionCentral Library, BUET 
2015-06-15620_136000000000000_SHE_19827    2015-06-15 Reading Item 2015-06-15 620.136/SHE/198258309Central Library, BUETReading sectionCentral Library, BUET 
2015-06-16620_136000000000000_SHE_19828    2015-06-16 Reading Item 2015-06-16 620.136/SHE/198258313Central Library, BUETReading sectionCentral Library, BUET 
2015-06-16620_136000000000000_SHE_19829    2015-06-16 Reading Item 2015-06-16 620.136/SHE/198258314Central Library, BUETReading sectionCentral Library, BUET 
2015-06-20620_136000000000000_SHE_198210    2015-06-20 Reading Item 2015-06-20 620.136/SHE/198258316Central Library, BUETReading sectionCentral Library, BUET 
2015-06-23620_136000000000000_SHE_198211    2015-06-23 Reading Item 2015-06-23 620.136/SHE/198255327Central Library, BUETReading sectionCentral Library, BUET